000 00598nam a2200181Ia 4500
003 LK-CoDNM
008 010623t1944 xxu||||| |||| 00| 1 sin d
040 _aLK-CoDNM
_dLK-CoDNM
_eLK-CoDNM
041 _asin
080 _a954.87:930.6 PEK
100 _aMandis,G.C.
245 _aඅපේ උරුමය,ද්විතීය භාගය,ලංකාව සහ ලෝක ඉතිහාසය 1500-1796
246 _aApe Urumaya Part 11 : Lankawa saha Loka Itihasaya 1500-1796
260 _b
_c1944
_c1963
_c1966
300 _b186p,204p,204p,ill, 18 cm
700 _aPekman,S.A
942 _cBK
999 _c100494
_d100494